| 000 | 00339nam a2200121 4500 | ||
|---|---|---|---|
| 999 |
_c13569 _d13569 |
||
| 008 | 190328b ||||| |||| 00| 0 eng d | ||
| 100 |
_937864 _aVillar, Manny |
||
| 245 |
_aMillennial leadership (1)/ _cManny Villar |
||
| 260 |
_aPhilippines _bManila Bulletin _cc2018 |
||
| 300 | _apage 10. | ||
| 650 | 0 |
_937865 _aLeadership. |
|
| 942 |
_2ddc _cPER |
||